| 000 | 00548nmm a2200181Ia 4500 | ||
|---|---|---|---|
| 008 | 251105s9999||||xx |||||||||||||||||und|| | ||
| 020 | _a9789587383409 | ||
| 041 | _aspa | ||
| 100 | _aTolosa Guzmán, Ingrid | ||
| 245 | 0 | _aIntroducción al análisis de la marcha | |
| 264 |
_a[Bogotá, Colombia] : _bUniversidad del Rosario, _c2013 |
||
| 300 | _a59 páginas | ||
| 650 | _aMedicine | ||
| 700 | _aTolosa Guzmán, Ingrid | ||
| 700 | 1 | _a Castillo-Martínez, Juan Alberto | |
| 856 | _uhttps://public.digitaliapublishing.com/a/60948 | ||
| 942 | _cCF | ||
| 999 |
_c71960 _d71960 |
||